[Event "12sen.WM-H Naumburg"]
[Site "Naumburg/Saale(20.10.-03.11.)"]
[Date "2002.10.28"]
[Round "6"]
[White "Schwagrowski, Bernd"]
[Black "Dombrowski, Heinz_Guenter"]
[Result "0-1"]
[WhiteElo "1543"]
[BlackElo "1727"]
[PlyCount "86"]
[EventDate "2002.11.??"]

1. Nf3 e6 2. e4 d5 3. e5 c5 4. g3 Nc6 5. c3 Qc7 6. d4 f6 7. Bb5 Bd7 8. O-O Nge7
9. exf6 gxf6 10. dxc5 e5 11. Bxc6 Qxc6 12. b4 a6 13. Re1 O-O-O 14. Kg2 h5 15.
Nh4 Qe6 16. Qf3 d4 17. Nd2 f5 18. cxd4 Bc6 19. Rxe5 Bxf3+ 20. Ndxf3 Qc6 21. Bg5
Rxd4 22. Bxe7 Bxe7 23. Nxf5 Bf6 24. N5xd4 Qa4 25. Re6 Bxd4 26. Nxd4 h4 27. Rae1
h3+ 28. Kf1 Qxa2 29. Re8+ Rxe8 30. Rxe8+ Kd7 31. Re1 Qc4+ 32. Ne2 Qxb4 33. c6+
Kxc6 34. Nf4 Qb5+ 35. Kg1 Qf5 36. f3 b5 37. Re6+ Kb7 38. Kf2 b4 39. Re4 Qc5+
40. Ke1 b3 41. Nd3 Qg1+ 42. Ke2 Qxh2+ 43. Nf2 a5 0-1

[Event "12sen.WM-H Naumburg"]
[Site "Naumburg/Saale(20.10.-03.11.)"]
[Date "2002.10.28"]
[Round "6"]
[White "Shestoperov, Alexej"]
[Black "Kraidman, Yair"]
[Result "1-0"]
[WhiteElo "2464"]
[BlackElo "2314"]
[PlyCount "61"]
[EventDate "2002.11.??"]

1. d4 d5 2. c4 c6 3. Nf3 Nf6 4. e3 g6 5. Nc3 Bg7 6. Be2 O-O 7. O-O dxc4 8. Bxc4
Bg4 9. h3 Bxf3 10. Qxf3 Nbd7 11. Rd1 Qa5 12. Bd2 Qc7 13. Rac1 e5 14. d5 Nb6 15.
Bb3 e4 16. Nxe4 Nfxd5 17. Ng5 Bxb2 18. Rc2 Be5 19. e4 Nf6 20. Bb4 h6 21. Bd6
Bxd6 22. Qxf6 Bh2+ 23. Kh1 hxg5 24. Qxg6+ Kh8 25. Qh6+ Kg8 26. Qxg5+ Kh7 27. g3
Bxg3 28. Qh5+ Kg7 29. Rg1 Rg8 30. Rxg3+ Kf8 31. Qc5+ 1-0

[Event "12sen.WM-H Naumburg"]
[Site "Naumburg/Saale(20.10.-03.11.)"]
[Date "2002.10.28"]
[Round "6"]
[White "Stock, Hugo"]
[Black "Skjoenberg, Sverre"]
[Result "0-1"]
[WhiteElo "1684"]
[BlackElo "1544"]
[PlyCount "72"]
[EventDate "2002.11.??"]

1. d4 Nf6 2. c4 e6 3. Nf3 Bb4+ 4. Bd2 Bxd2+ 5. Nbxd2 O-O 6. e3 d5 7. Bd3 c6 8.
O-O Nbd7 9. Qc2 g6 10. Ne5 Nxe5 11. dxe5 Nd7 12. f4 Qe7 13. Rf3 b6 14. Rg3 f5
15. exf6 Rxf6 16. Nf3 Kf8 17. Rh3 Rf7 18. Ng5 Rg7 19. Rf1 Nf6 20. Rhf3 Kg8 21.
Rg3 Bd7 22. Qf2 Nh5 23. Rf3 Rf8 24. g4 Nf6 25. Qg2 Nxg4 26. Qxg4 e5 27. fxe5
Bxg4 28. Rxf8+ Qxf8 29. Rxf8+ Kxf8 30. cxd5 cxd5 31. Bb5 h6 32. h3 hxg5 33.
hxg4 Ke7 34. e4 Ke6 35. Bc6 dxe4 36. Bxe4 Kxe5 0-1

[Event "12sen.WM-H Naumburg"]
[Site "Naumburg/Saale(20.10.-03.11.)"]
[Date "2002.10.28"]
[Round "6"]
[White "Taimanow, Mark"]
[Black "Karasev, Vladimir"]
[Result "1/2-1/2"]
[WhiteElo "2406"]
[BlackElo "2450"]
[PlyCount "96"]
[EventDate "2002.11.??"]

1. c4 Nf6 2. Nc3 c5 3. g3 g6 4. Bg2 Bg7 5. a3 Nc6 6. Rb1 a5 7. d3 O-O 8. e4 d6
9. Nge2 Ne8 10. O-O Nc7 11. Nd5 Nxd5 12. exd5 Nd4 13. Nxd4 cxd4 14. b4 axb4 15.
axb4 Qb6 16. Re1 e5 17. dxe6 Bxe6 18. Qf3 Ra4 19. b5 Rb8 20. Bd2 Ra2 21. Bb4
Qc7 22. Re2 Ra4 23. Reb2 Qd7 24. h3 h5 25. Kh2 Be5 26. Qd1 Rba8 27. f4 Bf6 28.
Qf3 Rb8 29. Re1 Kg7 30. Reb1 Ra7 31. Rb3 Rba8 32. R1b2 Rd8 33. b6 Ra6 34. Qxb7
Qxb7 35. Bxb7 Rxb6 36. Ba5 Rxb3 37. Rxb3 Re8 38. Bc6 Re7 39. Bf3 Ra7 40. Ra3
Bf5 41. g4 hxg4 42. hxg4 Bxd3 43. g5 Bd8 44. Rxd3 Rxa5 45. Rxd4 Bb6 46. Rd3 Bc5
47. Bd5 Ra2+ 48. Kg3 Ra3 1/2-1/2

[Event "12sen.WM-H Naumburg"]
[Site "Naumburg/Saale(20.10.-03.11.)"]
[Date "2002.10.28"]
[Round "6"]
[White "Theuermeister, Peter"]
[Black "Schober, Manfred"]
[Result "0-1"]
[WhiteElo "1728"]
[BlackElo "2047"]
[PlyCount "90"]
[EventDate "2002.11.??"]

1. d4 d5 2. Nf3 Nf6 3. c4 dxc4 4. a4 Nc6 5. e3 Bg4 6. Bxc4 e6 7. Nc3 Bd6 8. O-O
Qe7 9. Be2 O-O-O 10. Nb5 e5 11. Nxd6+ Rxd6 12. h3 Bh5 13. Nxe5 Nxe5 14. Bxh5 g5
15. Bd2 Nc6 16. Bf3 h5 17. Bxc6 Rxc6 18. g3 Qd7 19. Kg2 g4 20. h4 Ne4 21. Rc1
Qd5 22. Kg1 Rf6 23. Qc2 c6 24. Bb4 Rf3 25. Qc4 Qf5 26. Qe2 Rh6 27. d5 Qxd5 28.
Rcd1 Nxg3 29. Qe1 Qe5 30. Qd2 Qc7 31. Bd6 Nxf1 32. Kxf1 Rxd6 33. Qxd6 Qxd6 34.
Rxd6 g3 35. Rd2 Rxf2+ 36. Rxf2 gxf2 37. Kxf2 Kd7 38. Kf3 Ke6 39. Kf4 f6 40. e4
c5 41. a5 b5 42. axb6 axb6 43. Ke3 Ke5 44. Kd3 b5 45. b3 Kf4 0-1

[Event "12sen.WM-H Naumburg"]
[Site "Naumburg/Saale(20.10.-03.11.)"]
[Date "2002.10.28"]
[Round "6"]
[White "Thonig, Manfred"]
[Black "Farin, Friedrich"]
[Result "1-0"]
[WhiteElo "1569"]
[BlackElo "1324"]
[PlyCount "59"]
[EventDate "2002.11.??"]

1. f4 d5 2. Nf3 Nf6 3. b3 e6 4. Bb2 c5 5. e3 a6 6. Be2 Nc6 7. d4 b5 8. O-O Bb7
9. Ne5 cxd4 10. exd4 h5 11. Nd2 g6 12. Ndf3 Ng4 13. Qd2 Ngxe5 14. Nxe5 h4 15.
c3 Bh6 16. Bd3 g5 17. fxg5 Bxg5 18. Qf2 f5 19. Bxf5 exf5 20. Nxc6 Bxc6 21.
Rae1+ Be7 22. Ba3 Ra7 23. Qxf5 Qd7 24. Qf7+ Kd8 25. Bxe7+ Qxe7 26. Rxe7 Rxe7
27. Qf6 Kd7 28. Qxh8 Re3 29. Rf7+ Ke6 30. Qf6# 1-0

[Event "12sen.WM-H Naumburg"]
[Site "Naumburg/Saale(20.10.-03.11.)"]
[Date "2002.10.28"]
[Round "6"]
[White "Thuma, Horst"]
[Black "Bierbach, Utz_Friedrich"]
[Result "1/2-1/2"]
[WhiteElo "1678"]
[BlackElo "2043"]
[PlyCount "132"]
[EventDate "2002.11.??"]

1. e4 g6 2. d4 Bg7 3. Nf3 c5 4. Nc3 cxd4 5. Nxd4 a6 6. Be2 Nc6 7. Be3 d6 8. Qd2
Bd7 9. f3 Rc8 10. Rc1 Nf6 11. O-O O-O 12. Kh1 b5 13. Nd1 d5 14. Nxc6 Bxc6 15.
e5 Nd7 16. f4 e6 17. Nf2 f6 18. exf6 Qxf6 19. c3 Qh4 20. Bg4 Rce8 21. Bf3 h5
22. Qd3 Qf6 23. Rce1 Qf5 24. Qd2 Nf6 25. Bd4 Ng4 26. Bxg7 Kxg7 27. Nh3 Qf6 28.
Kg1 Re7 29. Bd1 Rd8 30. Qd4 Qxd4+ 31. cxd4 Bd7 32. Bxg4 hxg4 33. Nf2 Rc8 34.
Rc1 Rc4 35. Rxc4 dxc4 36. Nxg4 Bc6 37. Ne5 Bd5 38. a3 a5 39. Re1 b4 40. axb4
axb4 41. Ra1 Rc7 42. Rc1 c3 43. bxc3 bxc3 44. Kf2 c2 45. g3 Ba2 46. Ke2 Bb1 47.
Kd3 Ra7 48. Nc4 Kf6 49. Ne3 Ra3+ 50. Kd2 Ra4 51. Nxc2 Bxc2 52. Rxc2 Rxd4+ 53.
Ke3 Rd1 54. Kf3 Rb1 55. Kg4 Rd1 56. Rc8 Rd2 57. h4 Rd3 58. Rh8 Ra3 59. h5 gxh5+
60. Rxh5 Re3 61. Rg5 Rd3 62. Kh5 Rf3 63. Kh6 Rf1 64. Rg6+ Kf7 65. Kg5 Rf3 66.
g4 Rxf4 1/2-1/2

[Event "12sen.WM-H Naumburg"]
[Site "Naumburg/Saale(20.10.-03.11.)"]
[Date "2002.10.28"]
[Round "6"]
[White "Till, Heinz"]
[Black "Wiebke, Elfriede"]
[Result "1-0"]
[WhiteElo "1389"]
[BlackElo "1150"]
[PlyCount "81"]
[EventDate "2002.11.??"]

1. e4 c5 2. Nc3 e6 3. Bc4 Nf6 4. e5 Ng8 5. Nf3 d6 6. d4 d5 7. Be2 c4 8. b3 Bb4
9. Bd2 Bxc3 10. Bxc3 cxb3 11. cxb3 a6 12. Bd2 h6 13. O-O Ne7 14. Bd3 Nf5 15.
Bxf5 exf5 16. Bb4 Nc6 17. Ba3 a5 18. Qd2 b5 19. Bc5 b4 20. Ne1 Ba6 21. Nd3 Qg5
22. f4 Qg6 23. Rf3 Qe6 24. Bd6 Nxd4 25. Nc5 Nxf3+ 26. gxf3 Qg6+ 27. Kh1 f6 28.
Qxd5 fxe5 29. Qxa8+ Kf7 30. Qa7+ Kg8 31. Qxa6 Qh5 32. Qe2 e4 33. Rf1 Kh7 34.
Qe3 Re8 35. fxe4 fxe4 36. Nxe4 Qd5 37. Be5 Qc6 38. Qf3 Rc8 39. Rg1 Rg8 40. Ng5+
hxg5 41. Qxc6 1-0

[Event "12sen.WM-H Naumburg"]
[Site "Naumburg/Saale(20.10.-03.11.)"]
[Date "2002.10.28"]
[Round "6"]
[White "Titz, Herbert"]
[Black "Hesselbarth, Karlheinz"]
[Result "1-0"]
[WhiteElo "2089"]
[BlackElo "1788"]
[PlyCount "111"]
[EventDate "2002.11.??"]

1. d4 Nf6 2. Nf3 e6 3. g3 d5 4. Bg2 Be7 5. c4 O-O 6. Nc3 c5 7. dxc5 Bxc5 8.
cxd5 exd5 9. O-O Be6 10. Bg5 Be7 11. Qa4 Qd7 12. Rfd1 Qxa4 13. Nxa4 Nc6 14.
Rac1 Rac8 15. Nc5 Bxc5 16. Rxc5 Ne4 17. Rcc1 h6 18. Be3 Rfd8 19. Nd4 Nd6 20.
Nxc6 Rxc6 21. Rxc6 bxc6 22. Bxa7 Ra8 23. Bc5 Nc4 24. b3 Ne5 25. Rc1 Nd7 26. Bd6
Nb6 27. e4 dxe4 28. Bxe4 Nd5 29. Rc2 Bd7 30. Kg2 Re8 31. Bf3 Re6 32. Bc5 Re8
33. Be2 Bf5 34. Rb2 Bd7 35. Bd3 Be6 36. Rc2 Ra8 37. Bd6 Bd7 38. Kf3 g6 39. Ke2
Re8+ 40. Kd2 Re6 41. Bc5 Re8 42. Kc1 Kg7 43. Kb2 h5 44. a3 Kf6 45. Re2 Rxe2+
46. Bxe2 Ke5 47. Kc2 Bf5+ 48. Bd3 Bg4 49. a4 Bf3 50. a5 Nc7 51. Be3 Kd6 52.
Bf4+ Kd7 53. Bxc7 Kxc7 54. b4 Bd5 55. Kc3 f5 56. Kd4 1-0

[Event "12sen.WM-H Naumburg"]
[Site "Naumburg/Saale(20.10.-03.11.)"]
[Date "2002.10.28"]
[Round "6"]
[White "Villing, Dieter"]
[Black "Kahn, Peter"]
[Result "0-1"]
[WhiteElo "2183"]
[BlackElo "1939"]
[PlyCount "132"]
[EventDate "2002.11.??"]

1. e4 e5 2. Nf3 Nc6 3. Bc4 Nf6 4. d3 h6 5. Nc3 d6 6. Nd5 g6 7. h3 Bg7 8. Be3
O-O 9. Qd2 Kh7 10. O-O-O Nxd5 11. exd5 Ne7 12. d4 e4 13. Ng1 c6 14. dxc6 bxc6
15. Ne2 d5 16. Bb3 a5 17. Nc3 Nf5 18. Na4 Nxe3 19. fxe3 f5 20. g3 h5 21. Kb1
Bh6 22. Rde1 Qd6 23. Rhg1 f4 24. gxf4 Bxh3 25. Nc5 Bf5 26. Qh2 Qf6 27. c4 Be6
28. cxd5 cxd5 29. Rc1 Rfc8 30. Na4 Qd8 31. Rc5 Rxc5 32. Nxc5 Bf5 33. Rc1 Rc8
34. Rc3 Bf8 35. Na4 Bb4 36. Rxc8 Bxc8 37. a3 Bf8 38. Nc3 Bb7 39. f5 Kh6 40.
fxg6 Kxg6 41. Bd1 h4 42. Qe5 Qg5 43. Qe8+ Kg7 44. Qd7+ Qe7 45. Qg4+ Kf7 46.
Qh5+ Ke6 47. Bb3 Kd6 48. Bxd5 Bxd5 49. Qxd5+ Kc7 50. Qxa5+ Kb7 51. Qb5+ Ka7 52.
Qf5 Bh6 53. Nd5 Qb7 54. Nb4 Bxe3 55. d5 Bc5 56. Nc6+ Ka6 57. b4 Qb5 58. Qxe4 h3
59. Kc2 Bd6 60. Nd4 Qc4+ 61. Kb2 h2 62. b5+ Kb6 63. Qh4 h1=Q 64. Qxh1 Qxd4+ 65.
Kc2 Qc4+ 66. Kd2 Bf4+ 0-1

[Event "12sen.WM-H Naumburg"]
[Site "Naumburg/Saale(20.10.-03.11.)"]
[Date "2002.10.28"]
[Round "6"]
[White "Viner, Phillip"]
[Black "Bakalarczyk, Wlodimierz"]
[Result "1-0"]
[WhiteElo "2175"]
[BlackElo "2003"]
[PlyCount "67"]
[EventDate "2002.11.??"]

1. d4 Nf6 2. Nf3 g6 3. c4 Bg7 4. Nc3 O-O 5. Bg5 h6 6. Bh4 d6 7. e3 Bf5 8. Be2
Na6 9. Rc1 c6 10. a3 c5 11. O-O g5 12. Bg3 Ne4 13. Nxe4 Bxe4 14. h4 Bf6 15. Bd3
Bxd3 16. Qxd3 Rc8 17. hxg5 Bxg5 18. Nxg5 hxg5 19. f3 f5 20. d5 Qe8 21. Rfe1 e5
22. dxe6 Qxe6 23. Qc3 Rcd8 24. e4 Nc7 25. Rcd1 Rd7 26. b4 Kf7 27. Kf2 fxe4 28.
Rxe4 Qh6 29. Rg4 cxb4 30. axb4 d5 31. Qc1 d4 32. Qxg5 Qxg5 33. Rxg5 Rd6 34.
Bxd6 1-0

[Event "12sen.WM-H Naumburg"]
[Site "Naumburg/Saale(20.10.-03.11.)"]
[Date "2002.10.28"]
[Round "6"]
[White "Waisberg, Arnold"]
[Black "Jugow, Alexander"]
[Result "1-0"]
[WhiteElo "2063"]
[BlackElo "2242"]
[PlyCount "72"]
[EventDate "2002.11.??"]

1. e4 c5 2. c3 Qa5 3. Nf3 d6 4. Bc4 Nc6 5. a4 Nf6 6. Qc2 a6 7. Na3 Bg4 8. Be2
e5 9. O-O Be7 10. h3 Bh5 11. Nc4 Qc7 12. a5 Rd8 13. d3 O-O 14. Bg5 h6 15. Bxf6
Bxf6 16. Ne3 Ne7 17. c4 g5 18. Rfb1 Bg7 19. g4 Bg6 20. b4 f6 21. bxc5 dxc5 22.
Rb6 Be8 23. Rab1 Bc6 24. Kh2 Nc8 25. R6b2 Qxa5 26. Nd5 Rf7 27. Ra2 Qxa2 28.
Qxa2 Bf8 29. Nd2 Bxd5 30. exd5 Nd6 31. Kg3 h5 32. Qa5 Re8 33. Ne4 hxg4 34. Nxd6
Bxd6 35. Bxg4 Rh7 36. Qb6 Bc7 1-0

[Event "12sen.WM-H Naumburg"]
[Site "Naumburg/Saale(20.10.-03.11.)"]
[Date "2002.10.28"]
[Round "6"]
[White "Weigel, Helmut"]
[Black "Girod, Gudrun"]
[Result "1/2-1/2"]
[WhiteElo "1581"]
[BlackElo "1406"]
[PlyCount "47"]
[EventDate "2002.11.??"]

1. d4 d5 2. c4 e6 3. Nf3 Nf6 4. Bg5 Be7 5. Nc3 O-O 6. e3 c6 7. Bd3 dxc4 8. Bxc4
Nd5 9. Bxe7 Qxe7 10. O-O Nd7 11. Rc1 N7f6 12. Bd3 Nd7 13. Nxd5 exd5 14. Bb1 Nf6
15. Nd2 Re8 16. Re1 Qb4 17. Qc2 g6 18. a3 Qf8 19. e4 dxe4 20. Nxe4 Nxe4 21.
Rxe4 Bf5 22. Rxe8 Rxe8 23. Qd2 Bxb1 24. Rxb1 1/2-1/2

[Event "12sen.WM-H Naumburg"]
[Site "Naumburg/Saale(20.10.-03.11.)"]
[Date "2002.10.28"]
[Round "6"]
[White "Weigel, Max"]
[Black "Axnich, Hellmuth"]
[Result "1-0"]
[WhiteElo "1579"]
[BlackElo "1364"]
[PlyCount "63"]
[EventDate "2002.11.??"]

1. Nf3 Nf6 2. e3 e6 3. d4 c5 4. c4 cxd4 5. exd4 Bb4+ 6. Bd2 Bxd2+ 7. Nbxd2 O-O
8. Bd3 d6 9. O-O b6 10. Re1 Bb7 11. Rc1 Nbd7 12. b3 Re8 13. Bb1 h6 14. Rc3 Nf8
15. Rce3 Qd7 16. h3 a5 17. a4 Qc6 18. Ne4 Nxe4 19. Bxe4 Qd7 20. Bxb7 Qxb7 21.
d5 e5 22. Nh4 Qd7 23. Qh5 Re7 24. Nf5 f6 25. Nxe7+ Qxe7 26. f4 Nh7 27. f5 Kh8
28. h4 Rg8 29. Rg3 Qe8 30. Qg4 h5 31. Qf3 Qf7 32. Rg6 1-0

[Event "12sen.WM-H Naumburg"]
[Site "Naumburg/Saale(20.10.-03.11.)"]
[Date "2002.10.28"]
[Round "6"]
[White "Wilke, Dieter_Dr"]
[Black "Tochtermann, Georg_Dr"]
[Result "1/2-1/2"]
[WhiteElo "1964"]
[BlackElo "1878"]
[PlyCount "42"]
[EventDate "2002.11.??"]

1. Nf3 Nf6 2. g3 b6 3. Bg2 Bb7 4. O-O g6 5. c4 Bg7 6. Nc3 O-O 7. d4 d6 8. Re1
Nbd7 9. d5 c5 10. e4 Ng4 11. Nh4 h5 12. h3 Ngf6 13. f4 Qc7 14. Nf3 Nh7 15. Be3
Rfe8 16. Qd2 Rad8 17. Rad1 Bc8 18. Bf2 Nhf8 19. Re2 Nh7 20. Rde1 f6 21. Nh4
Nhf8 1/2-1/2

[Event "12sen.WM-H Naumburg"]
[Site "Naumburg/Saale(20.10.-03.11.)"]
[Date "2002.10.28"]
[Round "6"]
[White "Wunderer, Eckart"]
[Black "Bleher, Walter"]
[Result "1-0"]
[WhiteElo "2206"]
[BlackElo "1895"]
[PlyCount "77"]
[EventDate "2002.11.??"]

1. e4 c5 2. Nf3 a6 3. c3 d5 4. exd5 Qxd5 5. d4 Nf6 6. Be2 e6 7. O-O Be7 8. Ne5
O-O 9. Bf3 Qd8 10. Be3 Nbd7 11. Qb3 Nxe5 12. dxe5 Nd7 13. Bf4 Rb8 14. Qc2 Bg5
15. Bg3 Bh4 16. Be4 h6 17. Bxh4 Qxh4 18. f4 b5 19. Nd2 Bb7 20. Bxb7 Rxb7 21.
Ne4 Rc7 22. Rad1 Nb6 23. Rd6 Nc4 24. Rd3 Rd8 25. Rh3 Qe7 26. Rg3 Kh8 27. Rh3
Kg8 28. b3 Nb6 29. Rxh6 Nd5 30. Nf6+ Qxf6 31. Qh7+ Kf8 32. exf6 Nxf6 33. Rxf6
gxf6 34. g4 Rcd7 35. g5 f5 36. Qh8+ Ke7 37. Qf6+ Ke8 38. g6 fxg6 39. Re1 1-0

[Event "12sen.WM-H Naumburg"]
[Site "Naumburg/Saale(20.10.-03.11.)"]
[Date "2002.10.28"]
[Round "6"]
[White "Zakhvatov, Vladimir"]
[Black "Gudat, Alfons"]
[Result "1-0"]
[WhiteElo "2314"]
[BlackElo "2054"]
[PlyCount "63"]
[EventDate "2002.11.??"]

1. d4 Nf6 2. c4 c5 3. d5 b5 4. f3 d6 5. e4 g6 6. cxb5 Bg7 7. Nc3 O-O 8. Bd3 a6
9. bxa6 Nxa6 10. Nge2 e6 11. Bc4 exd5 12. Nxd5 Nxd5 13. Bxd5 Rb8 14. O-O Nc7
15. Nc3 Bd4+ 16. Kh1 Ba6 17. Re1 Qh4 18. g3 Qh3 19. Qc2 Qh5 20. Kg2 Rfe8 21.
Rb1 Bc8 22. h4 Nxd5 23. Nxd5 Qxd5 24. exd5 Rxe1 25. g4 Ba6 26. Qa4 Bd3 27. Ra1
Rbe8 28. Bh6 R8e2+ 29. Kh3 f5 30. Rxe1 fxg4+ 31. fxg4 Rxe1 32. Qa8+ 1-0

[Event "12sen.WM-H Naumburg"]
[Site "Naumburg/Saale(20.10.-03.11.)"]
[Date "2002.10.28"]
[Round "6"]
[White "Zoltek, Tadeuz"]
[Black "Uhlmann, Wolfgang"]
[Result "0-1"]
[WhiteElo "2317"]
[BlackElo "2440"]
[PlyCount "76"]
[EventDate "2002.11.??"]

1. Nf3 Nf6 2. c4 g6 3. g3 c5 4. Bg2 Bg7 5. O-O O-O 6. Nc3 Nc6 7. d3 d5 8. cxd5
Nxd5 9. Bd2 Nc7 10. Qc1 Nd4 11. Bh6 Bg4 12. Bxg7 Kxg7 13. Nxd4 cxd4 14. h3 Be6
15. Ne4 Bd5 16. Qf4 f6 17. Rfc1 Ne6 18. Qd2 b6 19. h4 Qd7 20. b3 h6 21. Qb2
Rac8 22. Rxc8 Rxc8 23. Rc1 a5 24. Rc2 Rxc2 25. Qxc2 Bxe4 26. Bxe4 Qc7 27. Qc6
Qxc6 28. Bxc6 Nc7 29. Kf1 Kf7 30. e3 Ke6 31. exd4 Kd6 32. Be4 f5 33. Bb7 Nb5
34. Ke2 Nc3+ 35. Ke3 Nxa2 36. Kf4 Nc1 37. h5 gxh5 38. Kxf5 Nxb3 0-1

[Event "12sen.WM-H Naumburg"]
[Site "Naumburg/Saale(20.10.-03.11.)"]
[Date "2002.10.29"]
[Round "7"]
[White "Achenbach, Manfred"]
[Black "Dille, Janis"]
[Result "1-0"]
[WhiteElo "2040"]
[BlackElo "2158"]
[PlyCount "64"]
[EventDate "2002.11.??"]

1. e4 e5 2. Nf3 f5 3. d4 fxe4 4. Nxe5 Nf6 5. Be2 d6 6. Nc4 d5 7. Ne3 Be6 8. c4
c6 9. Nc3 Bd6 10. Qb3 Qb6 11. Qxb6 axb6 12. cxd5 cxd5 13. O-O Nc6 14. Nb5 Rd8
15. b3 Bb8 16. Ba3 h5 17. f3 Bf4 18. Nd1 g5 19. g3 Bb8 20. fxe4 Nxe4 21. Ne3
Kd7 22. Bd3 Nd6 23. Nc3 Ne7 24. Rf6 g4 25. Re1 Rdf8 26. Rxe6 Kxe6 27. Nexd5+
Kd7 28. Rxe7+ Kd8 29. Re6 Kd7 30. Rg6 Rf7 31. Nxb6+ Kc6 32. Nc4 Re8 1-0

[Event "12sen.WM-H Naumburg"]
[Site "Naumburg/Saale(20.10.-03.11.)"]
[Date "2002.10.29"]
[Round "7"]
[White "Asmundsson, Ingvar"]
[Black "Wunderer, Eckart"]
[Result "1-0"]
[WhiteElo "2338"]
[BlackElo "2206"]
[PlyCount "51"]
[EventDate "2002.11.??"]

1. e4 d6 2. d4 Nf6 3. Nc3 c6 4. f4 Qa5 5. Bd3 e5 6. Nf3 Bg4 7. Be3 Nbd7 8. O-O
Be7 9. h3 Bxf3 10. Qxf3 O-O 11. Ne2 Rfe8 12. c3 b5 13. g4 Rf8 14. g5 Ne8 15. f5
Qc7 16. Kh1 Kh8 17. Rg1 Rb8 18. Qh5 g6 19. Qh4 c5 20. Raf1 c4 21. Bc2 b4 22.
Ba4 Qb7 23. Bxd7 Qxd7 24. f6 Bd8 25. Qh6 Kg8 26. Rg4 1-0

[Event "12sen.WM-H Naumburg"]
[Site "Naumburg/Saale(20.10.-03.11.)"]
[Date "2002.10.29"]
[Round "7"]
[White "Axnich, Hellmuth"]
[Black "Stock, Hugo"]
[Result "0-1"]
[WhiteElo "1364"]
[BlackElo "1684"]
[PlyCount "82"]
[EventDate "2002.11.??"]

1. d4 Nf6 2. c4 g6 3. Bf4 Bg7 4. Nf3 d6 5. h3 O-O 6. e3 Nbd7 7. Bd3 b6 8. Nc3
Bb7 9. O-O Re8 10. Re1 e5 11. Bg5 e4 12. Be2 exf3 13. Bxf3 Bxf3 14. Qxf3 h6 15.
Bf4 a6 16. a4 Nf8 17. Rac1 Ne6 18. Bh2 Ng5 19. Qe2 Nge4 20. b4 Nxc3 21. Rxc3
Nd7 22. Rb1 Bxd4 23. Rd3 Bg7 24. a5 Re4 25. Rdb3 Re6 26. axb6 cxb6 27. Rd3 Ne5
28. Bxe5 Bxe5 29. f4 Bxf4 30. Qf3 Be5 31. Rbd1 Rc8 32. Qb7 Rxc4 33. Rf1 Qc7 34.
Qxa6 Rxb4 35. Qa8+ Kg7 36. Ra3 Re7 37. Qf3 Rc4 38. Rd3 Rc1 39. Rdd1 Rxd1 40.
Rxd1 Qb7 41. Qxb7 Rxb7 0-1

[Event "12sen.WM-H Naumburg"]
[Site "Naumburg/Saale(20.10.-03.11.)"]
[Date "2002.10.29"]
[Round "7"]
[White "Bakalarczyk, Wlodimierz"]
[Black "Wilke, Dieter_Dr"]
[Result "1/2-1/2"]
[WhiteElo "2003"]
[BlackElo "1964"]
[PlyCount "92"]
[EventDate "2002.11.??"]

1. d4 Nf6 2. c4 g6 3. Nc3 Bg7 4. e4 d6 5. Nf3 O-O 6. Be2 e5 7. O-O Nc6 8. d5
Ne7 9. Nd2 Nd7 10. b4 a5 11. bxa5 Rxa5 12. Nb3 Ra8 13. Be3 f5 14. f3 f4 15. Bf2
b6 16. a4 Nf6 17. a5 bxa5 18. c5 Ba6 19. Nxa5 Bxe2 20. Qxe2 g5 21. cxd6 cxd6
22. Nc4 Rxa1 23. Rxa1 Nc8 24. h3 h5 25. Ra6 Qd7 26. Rc6 g4 27. hxg4 hxg4 28.
fxg4 Nxg4 29. Nb5 Nxf2 30. Qxf2 Rf6 31. Nd2 Rg6 32. Nf3 Ne7 33. Rb6 Bf6 34.
Nxd6 Bg7 35. Rb8+ Kh7 36. Nf7 Rg3 37. N7g5+ Kh6 38. Rb6+ Ng6 39. Ne6 Qa4 40. d6
Qxe4 41. d7 Bf6 42. d8=Q Bxd8 43. Nxd8 Qd5 44. Nxe5 Qd1+ 45. Qf1 Qd4+ 46. Qf2
Qd1+ 1/2-1/2

[Event "12sen.WM-H Naumburg"]
[Site "Naumburg/Saale(20.10.-03.11.)"]
[Date "2002.10.29"]
[Round "7"]
[White "Barlo, Werner"]
[Black "Heyse, Juergen"]
[Result "1-0"]
[WhiteElo "1675"]
[BlackElo "1560"]
[PlyCount "101"]
[EventDate "2002.11.??"]

1. d4 d5 2. Bf4 Nf6 3. h3 e6 4. Nf3 c6 5. Nbd2 Be7 6. e3 Nbd7 7. Bd3 c5 8. c3
O-O 9. O-O c4 10. Bb1 Re8 11. Ne5 Nf8 12. b3 Qa5 13. b4 Qd8 14. a4 N6d7 15.
Ndf3 Nxe5 16. Nxe5 f6 17. Nf3 Bd6 18. Bxd6 Qxd6 19. Bc2 Bd7 20. a5 Kh8 21. Re1
Red8 22. e4 Qc7 23. exd5 exd5 24. Re7 Qd6 25. Re3 Re8 26. Qd2 Rxe3 27. Qxe3 Re8
28. Qd2 Re7 29. Re1 Be8 30. Rxe7 Qxe7 31. Nh4 Bg6 32. Nxg6+ Nxg6 33. Bxg6 hxg6
34. Qe3 Qxe3 35. fxe3 f5 36. Kf2 Kg8 37. Kf3 Kf7 38. Kf4 Kf6 39. h4 Ke6 40. Kg5
Kf7 41. g3 a6 42. g4 fxg4 43. Kxg4 Ke6 44. Kf4 Kf6 45. e4 dxe4 46. Kxe4 g5 47.
hxg5+ Kxg5 48. Ke5 Kh5 49. d5 g5 50. d6 g4 51. d7 1-0

[Event "12sen.WM-H Naumburg"]
[Site "Naumburg/Saale(20.10.-03.11.)"]
[Date "2002.10.29"]
[Round "7"]
[White "Beckel, Friedrich"]
[Black "Braun, Gottfried_Dr"]
[Result "0-1"]
[WhiteElo "2039"]
[BlackElo "2243"]
[PlyCount "74"]
[EventDate "2002.11.??"]

1. e4 c6 2. d4 d5 3. exd5 cxd5 4. c4 Nf6 5. Nc3 Be6 6. c5 g6 7. Bb5+ Bd7 8. Qb3
Bg7 9. Nf3 Nc6 10. O-O a6 11. Bd3 O-O 12. h3 Qc7 13. Bg5 e6 14. Rfd1 Nh5 15.
Ne2 f5 16. Rac1 Be8 17. g3 h6 18. Bf4 Nxf4 19. Nxf4 Bf7 20. Bf1 g5 21. Ne2 Bh5
22. Bg2 Bf6 23. Bh1 Qg7 24. Qb6 Rae8 25. Rc3 Rf7 26. Rcd3 Bg6 27. R3d2 g4 28.
Ne1 Bg5 29. h4 Bxd2 30. Rxd2 f4 31. Nxf4 Rxf4 32. gxf4 Nxd4 33. Qd6 Nf5 34. Qe5
Nxh4 35. Qxg7+ Kxg7 36. b4 Rf8 37. a4 Rxf4 0-1

[Event "12sen.WM-H Naumburg"]
[Site "Naumburg/Saale(20.10.-03.11.)"]
[Date "2002.10.29"]
[Round "7"]
[White "Bierbach, Utz_Friedrich"]
[Black "Tschirky, Werner"]
[Result "1-0"]
[WhiteElo "2043"]
[BlackElo "1652"]
[PlyCount "51"]
[EventDate "2002.11.??"]

1. d4 Nf6 2. c4 g6 3. Nc3 Bg7 4. e4 d6 5. Be2 O-O 6. Bg5 Na6 7. h4 h5 8. f3 Bd7
9. Nh3 Qc8 10. Nf2 c5 11. d5 Nc7 12. Qd2 Nce8 13. O-O-O e5 14. Bh6 Kh7 15. Bxg7
Kxg7 16. Rdg1 Rh8 17. g4 Nc7 18. g5 Nfe8 19. f4 exf4 20. Qxf4 Qd8 21. Nd3 Qe7
22. e5 dxe5 23. Nxe5 Nd6 24. Qf6+ Qxf6 25. gxf6+ Kxf6 26. Nxd7+ 1-0

[Event "12sen.WM-H Naumburg"]
[Site "Naumburg/Saale(20.10.-03.11.)"]
[Date "2002.10.29"]
[Round "7"]
[White "Blaushtein, Boris"]
[Black "Joch, Horst"]
[Result "1-0"]
[WhiteElo "2157"]
[BlackElo "1654"]
[PlyCount "51"]
[EventDate "2002.11.??"]

1. c4 e6 2. d4 d5 3. Nc3 c6 4. e4 dxe4 5. Nxe4 Bb4+ 6. Nc3 Ne7 7. a3 Ba5 8. Nf3
Ng6 9. Bd3 Bc7 10. O-O Nh4 11. Be3 Nd7 12. Re1 Nxf3+ 13. Qxf3 Qf6 14. Qe2 Qe7
15. Rad1 Nf6 16. Bb1 h6 17. d5 cxd5 18. cxd5 a6 19. Qd3 Qd6 20. g3 O-O 21. Bd4
Re8 22. Bxf6 gxf6 23. Qh7+ Kf8 24. dxe6 Rxe6 25. Be4 Qb6 26. Nd5 1-0

[Event "12sen.WM-H Naumburg"]
[Site "Naumburg/Saale(20.10.-03.11.)"]
[Date "2002.10.29"]
[Round "7"]
[White "Bleher, Walter"]
[Black "Ofstad, Per"]
[Result "0-1"]
[WhiteElo "1895"]
[BlackElo "2199"]
[PlyCount "59"]
[EventDate "2002.11.??"]

1. e4 e6 2. d4 d5 3. Nd2 dxe4 4. Nxe4 Nd7 5. Nf3 Ngf6 6. Bd3 Nxe4 7. Bxe4 Nf6
8. Bd3 b6 9. Ne5 Bb7 10. O-O Qd5 11. Nf3 Bd6 12. c4 Qh5 13. Ne5 Qh4 14. f4 Bxe5
15. fxe5 Qxd4+ 16. Kh1 O-O-O 17. exf6 gxf6 18. Bc2 Qxc4 19. Bb3 Qb5 20. Qe1
Rhg8 21. Rf2 Rxg2 22. Rxg2 Bxg2+ 23. Kxg2 Rg8+ 24. Kf2 Qf5+ 25. Ke2 Rg2+ 26.
Ke3 Qe5+ 27. Kf3 Qxe1 28. Kxg2 f5 29. Ba4 Qe4+ 30. Kg3 0-1